[Event "Oberliga NRW 1516"]
[Site "Germany"]
[Date "2015.11.22"]
[Round "3.5"]
[White "Gruermann, Martin"]
[Black "Soehnchen, Andreas"]
[Result "1-0"]
[WhiteElo "2128"]
[BlackElo "2146"]
[PlyCount "47"]
[EventDate "2015.09.27"]
[EventType "team-tourn"]
[EventRounds "9"]
[EventCountry "GER"]
[SourceTitle "EXT 2017"]
[Source "ChessBase"]
[SourceDate "2016.10.25"]
[SourceVersion "1"]
[SourceVersionDate "2016.10.25"]
[SourceQuality "1"]
[WhiteTeam "Letmathe"]
[BlackTeam "Oberhausen"]
[WhiteTeamCountry "GER"]
[BlackTeamCountry "GER"]

1. e4 c6 2. Nf3 d5 3. Nc3 Nf6 4. e5 Ne4 5. Be2 Nxc3 6. bxc3 Bg4 7. Rb1 Qc7 8. d4 e6 9. 0-0 Nd7 10. Bg5 h6 11. Bh4 b5 12. Nd2 Bxe2 13. Qxe2 Nb6 14. f4 g6 15. g4 h5 16. Bf6 Rh7 17. f5 gxf5 18. gxf5 Be7 19. fxe6 fxe6 20. Nf3 0-0-0 21. Kh1 Rg8 22. Rg1 Rf8 23. Ng5 Bxf6 24. Nxe6 1-0

[Event "NRW Class1 1314"]
[Site "Germany"]
[Date "2014.03.09"]
[Round "7.7"]
[White "Soehnchen, Andreas"]
[Black "Fuchs, Thomas"]
[Result "1/2-1/2"]
[WhiteElo "2133"]
[BlackElo "1937"]
[PlyCount "46"]
[EventDate "2013.09.15"]
[EventType "team-tourn"]
[EventRounds "9"]
[EventCountry "GER"]
[SourceTitle "EXT 2015"]
[Source "ChessBase"]
[SourceDate "2014.11.20"]
[SourceVersion "1"]
[SourceVersionDate "2014.11.20"]
[SourceQuality "1"]
[WhiteTeam "Oberhausen"]
[BlackTeam "Elberfeld"]
[WhiteTeamCountry "GER"]
[BlackTeamCountry "GER"]

1. d4 Nf6 2. c4 g6 3. Nc3 Bg7 4. e4 d6 5. Be2 0-0 6. Nf3 e5 7. 0-0 Na6 8. Be3 exd4 9. Nxd4 Re8 10. f3 c6 11. Bf2 d5 12. cxd5 cxd5 13. Bb5 Bd7 14. Bxa6 bxa6 15. exd5 Qa5 16. Nb3 Qc7 17. Qd2 Rad8 18. Rfe1 Rxe1+ 19. Rxe1 Be6 20. Qe2 Nxd5 21. Nxd5 Bxd5 22. Qxa6 Bxb2 23. Qxa7 Qxa7 1/2-1/2

[Event "Ruhrgebiet Verbandsliga2 1213"]
[Site "Nordrheinwestfalen"]
[Date "2013.04.28"]
[Round "9.1"]
[White "Quast, Marcel"]
[Black "Soehnchen, Andreas"]
[Result "0-1"]
[WhiteElo "2137"]
[BlackElo "2132"]
[PlyCount "82"]
[EventDate "2012.09.02"]
[EventType "team-tourn"]
[EventRounds "9"]
[EventCountry "GER"]
[SourceTitle "EXT 2020"]
[Source "ChessBase"]
[SourceDate "2019.10.17"]
[SourceVersion "1"]
[SourceVersionDate "2019.10.17"]
[SourceQuality "1"]
[WhiteTeam "Gerthe Werne"]
[BlackTeam "Oberhausen SV II"]
[WhiteTeamCountry "GER"]
[BlackTeamCountry "GER"]

1. e4 c5 2. d4 cxd4 3. c3 dxc3 4. Nxc3 Nc6 5. Nf3 d6 6. Bc4 a6 7. 0-0 Nf6 8. b4 e6 9. a3 Be7 10. Qe2 0-0 11. Bf4 Bd7 12. Rac1 Qb8 13. Ba2 Ne5 14. Nd2 Rc8 15. Be3 b5 16. h3 a5 17. f4 Ng6 18. Nb3 axb4 19. axb4 Rxc3 20. Rxc3 Nxe4 21. Rc2 Ng3 22. Qf2 Nxf1 23. Qxf1 Qb7 24. Qd3 Rc8 25. Rxc8+ Qxc8 26. Nd4 d5 27. Nc2 Bd6 28. g3 h5 29. h4 Ne7 30. Bf2 Nf5 31. Qd2 Be7 32. Qd3 Qc7 33. Bb3 Bf6 34. Nd4 Qc1+ 35. Kg2 Nd6 36. Be3 Qb2+ 37. Ne2 Ne4 38. Bc1 Qa1 39. Qc2 Qa7 40. Qd3 Qf2+ 41. Kh1 Qxe2 0-1

[Event "Oberhausen op"]
[Site "Oberhausen"]
[Date "2013.03.30"]
[Round "3"]
[White "Podzielny, Karl Heinz"]
[Black "Soehnchen, Andreas"]
[Result "1-0"]
[WhiteElo "2430"]
[BlackElo "2129"]
[PlyCount "47"]
[EventDate "2013.03.28"]
[EventType "swiss"]
[EventRounds "7"]
[EventCountry "GER"]
[SourceTitle "CBM 153 Extra"]
[Source "ChessBase"]
[SourceDate "2013.04.22"]
[SourceVersion "1"]
[SourceVersionDate "2013.04.22"]
[SourceQuality "1"]

1. Nf3 c5 2. g3 g6 3. Bg2 Bg7 4. 0-0 Nc6 5. c3 d5 6. d3 e5 7. a3 h6 8. b4 cxb4 9. axb4 Be6 10. b5 Nb8 11. Ba3 a5 12. Nbd2 Nd7 13. e4 Ne7 14. exd5 Bxd5 15. Re1 0-0 16. c4 Be6 17. Ne4 Nc8 18. Bxf8 Qxf8 19. d4 Bxc4 20. Rc1 Bxb5 21. dxe5 Qe7 22. Nd4 Ba6 23. e6 Nf8 24. Nc5 1-0

[Event "Ruhrgebiet Regionalliga 1112"]
[Site "Nordrheinwestfalen"]
[Date "2011.09.25"]
[Round "1.4"]
[White "Soehnchen, Andreas"]
[Black "Buschmann, Andreas"]
[Result "1/2-1/2"]
[WhiteElo "2117"]
[BlackElo "1998"]
[PlyCount "74"]
[EventDate "2011.09.25"]
[EventType "team-tourn"]
[EventRounds "9"]
[EventCountry "GER"]
[SourceTitle "EXT 2020"]
[Source "ChessBase"]
[SourceDate "2019.10.17"]
[SourceVersion "1"]
[SourceVersionDate "2019.10.17"]
[SourceQuality "1"]
[WhiteTeam "Oberhausen SV II"]
[BlackTeam "Horst Emscher"]
[WhiteTeamCountry "GER"]
[BlackTeamCountry "GER"]

1. d4 Nf6 2. c4 g6 3. Nc3 Bg7 4. e4 d6 5. Be2 0-0 6. Nf3 e5 7. 0-0 Nc6 8. d5 Ne7 9. b4 Ne8 10. c5 f5 11. Nd2 Kh8 12. a4 Bh6 13. Nc4 Bxc1 14. Rxc1 fxe4 15. Nxe4 Nf5 16. f4 exf4 17. Rxf4 Nf6 18. Nxf6 Qxf6 19. Qd2 Qe7 20. g4 Nh4 21. cxd6 cxd6 22. Rxf8+ Qxf8 23. Rf1 Qe7 24. Qf4 Bd7 25. Bd1 b5 26. Nxd6 bxa4 27. Nf7+ Kg8 28. d6 Qe6 29. Qd4 Nf5 30. Qh8+ Kxf7 31. Qxa8 Qe3+ 32. Kh1 Qd3 33. Kg2 Bb5 34. Qb7+ Kg8 35. Qc8+ Kg7 36. Qc7+ Kh6 37. Rxf5 gxf5 1/2-1/2

[Event "Ruhrgebiet Regionalliga 1011"]
[Site "Nordrheinwestfalen"]
[Date "2010.10.31"]
[Round "2.3"]
[White "Soehnchen, Andreas"]
[Black "Dewenter, Ulf"]
[Result "1/2-1/2"]
[WhiteElo "2086"]
[BlackElo "2101"]
[PlyCount "55"]
[EventDate "2010.09.19"]
[EventType "team-tourn"]
[EventRounds "9"]
[EventCountry "GER"]
[SourceTitle "EXT 2020"]
[Source "ChessBase"]
[SourceDate "2019.10.17"]
[SourceVersion "1"]
[SourceVersionDate "2019.10.17"]
[SourceQuality "1"]
[WhiteTeam "Oberhausen SV II"]
[BlackTeam "Weisse Dame Borbeck"]
[WhiteTeamCountry "GER"]
[BlackTeamCountry "GER"]

1. e4 c5 2. Nc3 g6 3. f4 Bg7 4. Nf3 Nc6 5. Bb5 a6 6. Bxc6 bxc6 7. d3 d6 8. h3 Rb8 9. 0-0 Nf6 10. Qe1 0-0 11. Qh4 e6 12. Rb1 Nd7 13. Qe1 a5 14. Bd2 Nb6 15. b3 Ra8 16. a4 d5 17. e5 c4 18. bxc4 dxc4 19. Be3 Nd5 20. Nxd5 Qxd5 21. d4 Bd7 22. Qc3 Rfb8 23. Nd2 c5 24. Qxc4 cxd4 25. Bxd4 Rc8 26. Qxd5 exd5 27. Rfc1 Bxa4 28. c4 1/2-1/2

[Event "Ruhrgebiet VL1 0910"]
[Site "Germany"]
[Date "2010.04.18"]
[Round "9.2"]
[White "Soehnchen, Andreas"]
[Black "Lange, Andreas"]
[Result "1-0"]
[WhiteElo "2110"]
[BlackElo "2014"]
[PlyCount "109"]
[EventDate "2009.09.06"]
[EventType "team-tourn"]
[EventRounds "9"]
[EventCountry "GER"]
[SourceTitle "EXT 2011"]
[Source "ChessBase"]
[SourceDate "2010.11.26"]
[SourceVersion "1"]
[SourceVersionDate "2010.11.26"]
[SourceQuality "1"]
[WhiteTeam "Oberhausen"]
[BlackTeam "Brambauer"]
[WhiteTeamCountry "GER"]
[BlackTeamCountry "GER"]

1. d4 f5 2. g3 Nf6 3. Bg2 g6 4. Nf3 Bg7 5. 0-0 0-0 6. c4 d6 7. Nc3 Qe8 8. Re1 Qf7 9. Ng5 Qxc4 10. Bf1 Qc6 11. Qb3+ d5 12. Bf4 Qd7 13. e4 fxe4 14. Ngxe4 Nxe4 15. Nxd5 e6 16. Nxc7 Rxf4 17. gxf4 Qxc7 18. Rxe4 Nc6 19. d5 exd5 20. Qxd5+ Qf7 21. Re8+ Bf8 22. Bc4 Qxd5 23. Bxd5+ Kg7 24. Rd1 Bg4 25. Rxa8 Bxd1 26. Bxc6 bxc6 27. Rxa7+ Kf6 28. Rxh7 Bd6 29. Rd7 Ke6 30. Rd8 Bf3 31. a4 Bc7 32. Rd3 Be4 33. Rd4 Bd5 34. b4 Bb6 35. Rd2 Bc7 36. a5 Bxf4 37. Rd1 Bd6 38. a6 Bb8 39. Rd4 Kd6 40. Rg4 Bf7 41. Rh4 Be8 42. Rh7 Bd7 43. Rg7 Kc7 44. h4 Ba7 45. Rxg6 Bc8 46. h5 Bxa6 47. Rg7+ Kb6 48. h6 Bd3 49. h7 Bxh7 50. Rxh7 Bb8 51. Rh4 Bd6 52. f4 Bxb4 53. f5 c5 54. f6 Kb5 55. Rxb4+ 1-0

[Event "Ruhrgebiet VK1 0708"]
[Site "Germany"]
[Date "2008.01.20"]
[Round "5.1"]
[White "Soehnchen, Andreas"]
[Black "Spyrou, Emmanouil"]
[Result "1/2-1/2"]
[WhiteElo "2085"]
[BlackElo "2217"]
[PlyCount "170"]
[EventDate "2007.09.16"]
[EventType "team-tourn"]
[EventRounds "9"]
[EventCountry "GER"]
[SourceTitle "EXT 2009"]
[Source "ChessBase"]
[SourceDate "2008.11.26"]
[SourceVersion "1"]
[SourceVersionDate "2008.11.26"]
[SourceQuality "1"]
[WhiteTeam "Oberhausen II"]
[BlackTeam "Hamm"]
[WhiteTeamCountry "GER"]
[BlackTeamCountry "GER"]

1. d4 g6 2. e4 Bg7 3. Nf3 d6 4. Nc3 Nf6 5. Be3 0-0 6. Qd2 c6 7. Bd3 b5 8. 0-0 Nbd7 9. Bh6 e5 10. Ne2 Qe7 11. Bxg7 Kxg7 12. Ng3 Nb6 13. dxe5 dxe5 14. Qg5 Re8 15. h3 h6 16. Qe3 Na4 17. Rab1 Nc5 18. Rbd1 Nfd7 19. Rfe1 Ne6 20. Bf1 Nf4 21. Rd2 Nb6 22. Red1 Bb7 23. b3 h5 24. h4 f6 25. c4 bxc4 26. Bxc4 Red8 27. Be2 Rxd2 28. Qxd2 Rc8 29. Ne1 Rc7 30. Nc2 Rd7 31. Qe1 Qc5 32. Rxd7+ Nxd7 33. Qd2 Qe7 34. Ne3 Kh7 35. Bc4 Nf8 36. Qa5 Bc8 37. Qc3 Qd6 38. Qc1 N8e6 39. Bxe6 Bxe6 40. Kh2 Kg8 41. Nc4 Qc5 42. Qe3 Qxe3 43. Nxe3 Nd3 44. Nd1 Kf7 45. Kg1 Ke7 46. Kf1 Kd6 47. Ne2 Kc5 48. Nec3 Kd4 49. f3 Nc1 50. Ne2+ Kd3 51. Nxc1+ Kd2 52. Nb2 Kxc1 53. Nd3+ Kb1 54. Nc5 Bc8 55. Ke1 Kxa2 56. Kd2 Kb2 57. g3 Bh3 58. f4 Bg2 59. fxe5 fxe5 60. Ke3 Kc3 61. Nd3 Kxb3 62. Nxe5 a5 63. Nxc6 a4 64. Nd4+ Kb2 65. e5 Bh3 66. Nb5 Bd7 67. Nd6 Kb3 68. Ne4 Kc2 69. Nc5 a3 70. Nxd7 a2 71. Kf4 a1Q 72. Kg5 Qd1 73. e6 Qg4+ 74. Kf6 Qxg3 75. e7 Qxh4+ 76. Kf7 Qf4+ 77. Nf6 Qc7 78. Kf8 Qc6 79. Kf7 h4 80. e8Q Qxe8+ 81. Kxe8 h3 82. Ng4 Kd3 83. Kf7 Ke2 84. Kxg6 Kf3 85. Kg5 Kg3 1/2-1/2

[Event "Ruhrgebiet VK1 0708"]
[Site "Germany"]
[Date "2007.11.18"]
[Round "3.1"]
[White "Rosen, Willy"]
[Black "Soehnchen, Andreas"]
[Result "1-0"]
[WhiteElo "2258"]
[BlackElo "2071"]
[PlyCount "45"]
[EventDate "2007.09.16"]
[EventType "team-tourn"]
[EventRounds "9"]
[EventCountry "GER"]
[SourceTitle "EXT 2009"]
[Source "ChessBase"]
[SourceDate "2008.11.26"]
[SourceVersion "1"]
[SourceVersionDate "2008.11.26"]
[SourceQuality "1"]
[WhiteTeam "Katernberg III"]
[BlackTeam "Oberhausen II"]
[WhiteTeamCountry "GER"]
[BlackTeamCountry "GER"]

1. e4 c5 2. Nf3 Nc6 3. d4 cxd4 4. Nxd4 Nf6 5. Nc3 e5 6. Ndb5 d6 7. Bg5 a6 8. Na3 b5 9. Bxf6 gxf6 10. Nd5 f5 11. Bd3 Be6 12. Qh5 Rg8 13. 0-0-0 Rxg2 14. Qf3 Rg8 15. exf5 Bxd5 16. Qxd5 Ne7 17. Qb7 Qc8 18. Qf3 Bh6+ 19. Kb1 Bf4 20. f6 Ng6 21. Bf5 Qb8 22. Qc6+ Kf8 23. Be4 1-0

[Event "Ruhrgebiet VK1 0708"]
[Site "Germany"]
[Date "2007.10.21"]
[Round "2.1"]
[White "Soehnchen, Andreas"]
[Black "Limbourg, Philipp"]
[Result "0-1"]
[WhiteElo "2085"]
[BlackElo "2196"]
[PlyCount "76"]
[EventDate "2007.09.16"]
[EventType "team-tourn"]
[EventRounds "9"]
[EventCountry "GER"]
[SourceTitle "EXT 2009"]
[Source "ChessBase"]
[SourceDate "2008.11.26"]
[SourceVersion "1"]
[SourceVersionDate "2008.11.26"]
[SourceQuality "1"]
[WhiteTeam "Oberhausen II"]
[BlackTeam "Muelheim Nord III"]
[WhiteTeamCountry "GER"]
[BlackTeamCountry "GER"]

1. d4 e6 2. e4 d5 3. Nc3 Nc6 4. Nf3 Nf6 5. Bg5 Bb4 6. e5 h6 7. Bh4 g5 8. Nxg5 hxg5 9. Bxg5 Be7 10. exf6 Bxf6 11. Be3 Qe7 12. Qd2 b6 13. 0-0-0 Bb7 14. g3 0-0-0 15. f4 Na5 16. Qf2 Nc4 17. Bxc4 dxc4 18. Rhe1 Qb4 19. f5 Rhe8 20. g4 Qa5 21. Kb1 exf5 22. Qxf5+ Qxf5 23. gxf5 Bh4 24. Bd2 Bxe1 25. Bxe1 Bf3 26. Rc1 Rxd4 27. Nb5 Rd5 28. a4 a6 29. Na3 Re2 30. Bg3 Rxf5 31. Nxc4 Bd5 32. Na3 Be4 33. b4 Rf3 34. Kb2 Bd5 35. Nb1 Rb3+ 36. Ka1 Rxb4 37. Nc3 Re3 38. Bxc7 Rxc3 0-1

[Event "Goch op 18th"]
[Site "Goch"]
[Date "2007.10.06"]
[Round "4"]
[White "Soehnchen, Andreas"]
[Black "Beckmann, Arne"]
[Result "1-0"]
[WhiteElo "2087"]
[BlackElo "1963"]
[PlyCount "93"]
[EventDate "2007.10.04"]
[EventType "swiss"]
[EventRounds "7"]
[EventCountry "GER"]
[SourceTitle "EXT 2011"]
[Source "ChessBase"]
[SourceDate "2010.11.26"]
[SourceVersion "1"]
[SourceVersionDate "2010.11.26"]
[SourceQuality "1"]

1. d4 d5 2. c4 e6 3. Nc3 Nf6 4. cxd5 exd5 5. Bg5 Be7 6. e3 0-0 7. Bd3 Ne4 8. Bxe7 Nxc3 9. Bxd8 Nxd1 10. Be7 Nxb2 11. Bxh7+ Kxh7 12. Bxf8 Nc6 13. Ba3 Nc4 14. Bc1 Nb4 15. Rb1 Nxa2 16. Bd2 Nxd2 17. Kxd2 a5 18. Nf3 Nb4 19. Rhc1 Bf5 20. Ra1 c6 21. Rc3 a4 22. Ne1 b5 23. Rca3 Kg8 24. Rc1 Kf8 25. Kc3 Na6 26. Kb2 Rc8 27. Rac3 Bd7 28. Nd3 Ke7 29. Ka3 Kd6 30. Nb4 Nxb4 31. Kxb4 Ra8 32. f3 f5 33. f4 Rb8 34. Rf1 Rh8 35. h3 Rh6 36. Rc2 Be8 37. Rf3 Bh5 38. Rg3 g6 39. Rd2 Rh7 40. Rg5 Re7 41. g4 fxg4 42. hxg4 Rxe3 43. gxh5 gxh5 44. Rxh5 Rb3+ 45. Ka5 Rf3 46. Rh6+ Kd7 47. Rg2 1-0

[Event "Oberhausen op"]
[Site "Oberhausen"]
[Date "2007.04.08"]
[Round "5"]
[White "Sokalsky, Alexander"]
[Black "Soehnchen, Andreas"]
[Result "1-0"]
[WhiteElo "2199"]
[BlackElo "2082"]
[PlyCount "91"]
[EventDate "2007.04.05"]
[EventType "swiss"]
[EventRounds "7"]
[EventCountry "GER"]
[SourceTitle "CBM 117 Extra"]
[Source "ChessBase"]
[SourceDate "2007.05.09"]
[SourceVersion "1"]
[SourceVersionDate "2007.05.09"]
[SourceQuality "1"]

1. c4 e5 2. Nc3 Nc6 3. g3 f5 4. Bg2 Nf6 5. d3 Bb4 6. Nf3 Bxc3+ 7. bxc3 d6 8. 0-0 0-0 9. Ne1 Qe8 10. Nc2 f4 11. gxf4 Qh5 12. e4 Qh4 13. f5 g6 14. Qf3 Nh5 15. Ne3 Ne7 16. Qg4 Qxg4 17. Nxg4 gxf5 18. exf5 Nxf5 19. Nh6+ Nxh6 20. Bxh6 Rf6 21. Be3 Nf4 22. Bxf4 Rxf4 23. Rfe1 Bf5 24. Re3 Rb8 25. Rae1 Bg6 26. Rg3 Rbf8 27. Re2 c6 28. c5 dxc5 29. Rxe5 Rxf2 30. h4 Kh8 31. Rxc5 Rxa2 32. h5 Bf7 33. Rf5 Rg8 34. Rxg8+ Kxg8 35. Be4 h6 36. Re5 Kf8 37. c4 a5 38. Rf5 Ke7 39. Re5+ Kf6 40. Rf5+ Ke6 41. Rf3 a4 42. Bg6 Ra1+ 43. Kh2 Bxg6 44. hxg6 Ra2+ 45. Kh3 Ra1 46. Rg3 1-0

[Event "Oberhausen op"]
[Site "Oberhausen"]
[Date "2007.04.07"]
[Round "4"]
[White "Soehnchen, Andreas"]
[Black "Langers, Alexander"]
[Result "1-0"]
[WhiteElo "2082"]
[BlackElo "2135"]
[PlyCount "67"]
[EventDate "2007.04.05"]
[EventType "swiss"]
[EventRounds "7"]
[EventCountry "GER"]
[SourceTitle "CBM 117 Extra"]
[Source "ChessBase"]
[SourceDate "2007.05.09"]
[SourceVersion "1"]
[SourceVersionDate "2007.05.09"]
[SourceQuality "1"]

1. d4 Nf6 2. Nf3 g6 3. Nc3 d5 4. Bf4 Bg7 5. e3 0-0 6. Be2 c5 7. Ne5 b6 8. h4 Bb7 9. h5 Ne4 10. hxg6 hxg6 11. Bg4 cxd4 12. exd4 Nc6 13. Qf3 f5 14. Qh3 Nf6 15. Bf3 Nxe5 16. dxe5 Kf7 17. 0-0-0 Rh8 18. Qg3 Rxh1 19. Rxh1 Ne4 20. e6+ Kxe6 21. Qxg6+ Bf6 22. Nb5 Qg8 23. Nc7+ Kd7 24. Qxf5+ e6 25. Qh7+ Qxh7 26. Rxh7+ Kc6 27. Bxe4 dxe4 28. Nxa8 Bxa8 29. Rh6 Bd4 30. Rxe6+ Kd5 31. Rd6+ Kc5 32. Rd8 Bd5 33. Be3 Bxe3+ 34. fxe3 1-0

[Event "Duisburg Grossenbaum op"]
[Site "Duisburg"]
[Date "2006.07.02"]
[Round "6"]
[White "Kaufeld, Juergen"]
[Black "Soehnchen, Andreas"]
[Result "1-0"]
[WhiteElo "2261"]
[BlackElo "2108"]
[PlyCount "47"]
[EventDate "2006.06.02"]
[EventType "swiss"]
[EventRounds "7"]
[EventCountry "GER"]
[SourceTitle "EXT 2007"]
[Source "ChessBase"]
[SourceDate "2006.11.23"]
[SourceVersion "1"]
[SourceVersionDate "2006.11.23"]
[SourceQuality "1"]

1. e4 e6 2. d4 d5 3. Nd2 Nf6 4. e5 Nfd7 5. Bd3 c5 6. c3 Nc6 7. Ngf3 a5 8. 0-0 Qb6 9. Re1 Be7 10. c4 Nxd4 11. Nxd4 cxd4 12. cxd5 exd5 13. Nf3 Nc5 14. Nxd4 Nxd3 15. Qxd3 Bc5 16. Be3 Bxd4 17. Bxd4 Qa6 18. Qa3 Qc4 19. Bc5 b5 20. Rac1 Qa4 21. Qg3 Qg4 22. Qd3 Rb8 23. Bd6 Rb6 24. Qc3 1-0

[Event "Duisburg Grossenbaum op"]
[Site "Duisburg"]
[Date "2006.06.11"]
[Round "5"]
[White "Soehnchen, Andreas"]
[Black "Prudlo, Simon"]
[Result "1/2-1/2"]
[WhiteElo "2108"]
[BlackElo "2208"]
[PlyCount "20"]
[EventDate "2006.06.02"]
[EventType "swiss"]
[EventRounds "7"]
[EventCountry "GER"]
[SourceTitle "EXT 2007"]
[Source "ChessBase"]
[SourceDate "2006.11.23"]
[SourceVersion "1"]
[SourceVersionDate "2006.11.23"]
[SourceQuality "1"]

1. d4 Nf6 2. Nf3 g6 3. Nc3 Bg7 4. e4 d6 5. Be3 Ng4 6. Bg5 h6 7. Bh4 g5 8. Bg3 e5 9. dxe5 Nxe5 10. Nxe5 Bxe5 1/2-1/2